Resoluciones técnicas y otros pronunciamientos de la FACPCE sobre contabilidad, auditoría y sindicatura (Registro nro. 822)

Detalles MARC
000 -LEADER
fixed length control field 01030 a2200241 4500
001 - CONTROL NUMBER
control field 21558
005 - DATE AND TIME OF LATEST TRANSACTION
control field 20260407155506.0
008 - FIXED-LENGTH DATA ELEMENTS--GENERAL INFORMATION
fixed length control field 260407a2013 arg spa d
003 - CONTROL NUMBER IDENTIFIER
control field AR-UNSa-BCEJYS
040 ## - CATALOGING SOURCE
Original cataloging agency AR-UNSa-BCEJYS
Language of cataloging spa
Transcribing agency AR-UNSa-BCEJYS
080 ## - UNIVERSAL DECIMAL CLASSIFICATION NUMBER
Universal Decimal Classification number 657(083)
Common auxiliary subdivision Resoluciones Técnicas Contables. Informes
020 ## - INTERNATIONAL STANDARD BOOK NUMBER
International Standard Book Number 978-987-03-2470-6
100 1# - MAIN ENTRY--PERSONAL NAME
Personal name Fowler Newton, Enrique
245 10 - TITLE STATEMENT
Title Resoluciones técnicas y otros pronunciamientos de la FACPCE sobre contabilidad, auditoría y sindicatura
264 #1 - PRODUCTION, PUBLICATION, DISTRIBUTION, MANUFACTURE, AND COPYRIGHT NOTICE
Place of production, publication, distribution, manufacture Buenos Aires :
Name of producer, publisher, distributor, manufacturer La Ley
Date of production, publication, distribution, manufacture, or copyright notice 2013
300 ## - PHYSICAL DESCRIPTION
Extent xxx, 1090 p.
Dimensions 24 cm.
505 ## - FORMATTED CONTENTS NOTE
Formatted contents note 1. Introducción - 2. Resoluciones técnicas - 3. Interpretaciones de resoluciones técnicas de contabilidad y auditoría - 4. Resoluciones de la junta de gobierno - 5. Circulares de adopción de las NIIF
590 ## - LOCAL NOTE (RLIN)
Local note niveau_biblio:m niveau_hierar:0
650 ## - SUBJECT ADDED ENTRY--TOPICAL TERM
Topical term or geographic name entry element NIIF
650 ## - SUBJECT ADDED ENTRY--TOPICAL TERM
Topical term or geographic name entry element niif
856 41 - ELECTRONIC LOCATION AND ACCESS
Uniform Resource Identifier <a href="https://biblioeco.unsa.edu.ar/pmb/images/libros/Resoluciones Tecnicas2.jpg">https://biblioeco.unsa.edu.ar/pmb/images/libros/Resoluciones Tecnicas2.jpg</a>
Link text Imagen de portada
Electronic format type image/jpeg
942 ## - ADDED ENTRY ELEMENTS (KOHA)
Koha item type
Existencias
Withdrawn status Lost status Damaged status Not for loan Home library Current library Shelving location Date acquired Total checkouts Full call number Barcode Date last seen Price effective from Koha item type
        Biblioteca Prof. Eusebio Cleto del Rey Biblioteca Prof. Eusebio Cleto del Rey   07/04/2026   657(083) F785 L119367 07/04/2026 07/04/2026 Libro
        Biblioteca Prof. Eusebio Cleto del Rey Biblioteca Prof. Eusebio Cleto del Rey   07/04/2026   657(083) F785 L119366 07/04/2026 07/04/2026 Libro
        Biblioteca Prof. Eusebio Cleto del Rey Biblioteca Prof. Eusebio Cleto del Rey   07/04/2026   657(083) F785 L119365 07/04/2026 07/04/2026 Libro